Oceans management in the 21st century : (Record no. 9546)
[ view plain ]
| 000 -LEADER | |
|---|---|
| fixed length control field | 01211nam a22003012 4500 |
| 001 - CONTROL NUMBER | |
| control field | 0000020921 |
| 005 - DATE AND TIME OF LATEST TRANSACTION | |
| control field | 20151217152224.0 |
| 008 - FIXED-LENGTH DATA ELEMENTS--GENERAL INFORMATION | |
| fixed length control field | 111115s xx 000 0 eng d |
| 020 ## - INTERNATIONAL STANDARD BOOK NUMBER | |
| International Standard Book Number | 9004138528 : |
| 040 ## - CATALOGING SOURCE | |
| Original cataloging agency | KABU |
| Transcribing agency | KABU |
| 245 10 - TITLE STATEMENT | |
| Title | Oceans management in the 21st century : |
| Remainder of title | institutional frameworks and responses / |
| Statement of responsibility, etc. | Alex G. Oude elferink, Donald R. Rothwell (eds) |
| 250 ## - EDITION STATEMENT | |
| Edition statement | 1st ed. |
| 260 ## - PUBLICATION, DISTRIBUTION, ETC. (IMPRINT) | |
| Place of publication, distribution, etc. | Boston : |
| Name of publisher, distributor, etc. | Martinus Nijhoff, |
| Date of publication, distribution, etc. | 2004. |
| 300 ## - PHYSICAL DESCRIPTION | |
| Extent | xxxv, 391 p. |
| 650 #0 - SUBJECT ADDED ENTRY--TOPICAL TERM | |
| Topical term or geographic name as entry element | United Nations convention on the law of the sea (1982) |
| -- | 0000181601 |
| 650 #0 - SUBJECT ADDED ENTRY--TOPICAL TERM | |
| Topical term or geographic name as entry element | Law of the sea. |
| -- | 0000160370 |
| 650 #0 - SUBJECT ADDED ENTRY--TOPICAL TERM | |
| Topical term or geographic name as entry element | Maritime law. |
| -- | 0000181602 |
| 650 #0 - SUBJECT ADDED ENTRY--TOPICAL TERM | |
| Topical term or geographic name as entry element | Arbstration (International law) |
| -- | 0000181603 |
| 700 1# - ADDED ENTRY--PERSONAL NAME | |
| Personal name | Elferink, Alex Oude. |
| -- | 0000181604 |
| 700 1# - ADDED ENTRY--PERSONAL NAME | |
| Personal name | Rothwell, Donald R. |
| -- | 0000181605 |
| 852 1# - LOCATION | |
| -- | p24225 KES |
| 852 1# - LOCATION | |
| -- | p20291.05 KES |
| 852 1# - LOCATION | |
| -- | p20291.05 KES |
| 852 1# - LOCATION | |
| -- | p20291.05 KES |
| 852 1# - LOCATION | |
| -- | p20291.05 KES |
| 908 ## - PUT COMMAND PARAMETER (RLIN) | |
| Put command parameter | 111115 |
| 950 ## - LOCAL HOLDINGS (RLIN) | |
| -- | 1 |
| Withdrawn status | Lost status | Source of classification or shelving scheme | Not for loan | Home library | Current library | Date acquired | Total Checkouts | Full call number | Barcode | Date last seen | Price effective from | Koha item type |
|---|---|---|---|---|---|---|---|---|---|---|---|---|
| Library of Congress Classification | Kabarak, Main Campus | Kabarak, Main Campus | 17/12/2015 | KZA1145 .O24 2004 c.1 | 19854 | 17/12/2015 | 17/12/2015 | General Collection | ||||
| Library of Congress Classification | Kabarak, Main Campus | Kabarak, Main Campus | 17/12/2015 | KZA1145 .O24 2004 c.2 | 013305 | 17/12/2015 | 17/12/2015 | General Collection | ||||
| Library of Congress Classification | Kabarak, Main Campus | Kabarak, Main Campus | 17/12/2015 | KZA1145 .O24 2004 c. 3 | 013297 | 17/12/2015 | 17/12/2015 | General Collection | ||||
| Library of Congress Classification | Kabarak, Main Campus | Kabarak, Main Campus | 17/12/2015 | KZA1145 .O24 2004 c. 4 | 013275 | 17/12/2015 | 17/12/2015 | General Collection | ||||
| Library of Congress Classification | Kabarak, Main Campus | Kabarak, Main Campus | 17/12/2015 | KZA1145 .O24 2004 c. 5 | 013272 | 17/12/2015 | 17/12/2015 | General Collection |